| 000 | 00556cam a2200181 4500500 | ||
|---|---|---|---|
| 005 | 20260405001908.0 | ||
| 041 | _afre | ||
| 042 | _adc | ||
| 100 | 1 | 0 |
_aWilliams, Patrick _eauthor |
| 245 | 0 | 0 | _aTémoignage. “J’ai parcouru la France sans argent” |
| 260 | _c2014. | ||
| 500 | _a20 | ||
| 690 | _aExil | ||
| 690 | _aExit | ||
| 690 | _aSubir | ||
| 786 | 0 | _nPhilosophie magazine | 85 | 12-1 | 2014-12-01 | p. 35-36 | 1951-1787 | |
| 856 | 4 | 1 | _uhttps://shs.cairn.info/magazine-philosophie-magazine-2014-12-1-page-35?lang=fr&redirect-ssocas=7080 |
| 999 |
_c2052097 _d2052097 |
||